Súčasné trendy smerovania vedomostnej spoločnosti na Slovensku
Vedomostná spoločnosť, investovanie do vedy a výskumu vo vybraných krajinách EU. Spoločná európska stratégia k dosiahnutiu vedomostnej spoločnosti. Percentuálny podiel na celkovej štruktúre obyvateľstva podľa výšky najvyššieho dosiahnutého vzdelania.
Salvato in:
| Autore principale: | |
|---|---|
| Natura: | Capitolo di libro |
| Lingua: | slovacco |
| Soggetti: | |
| Tags: |
Nessun Tag, puoi essere il primo ad aggiungerne!!
|
MARC
| LEADER | 00000nla a2200000 4500 | ||
|---|---|---|---|
| 001 | 0164041 | ||
| 005 | 20240502072844.9 | ||
| 041 | 0 | |a slo | |
| 044 | |a SK | ||
| 245 | 1 | 0 | |a Súčasné trendy smerovania vedomostnej spoločnosti na Slovensku |c Filip Kováč |
| 520 | |a Vedomostná spoločnosť, investovanie do vedy a výskumu vo vybraných krajinách EU. Spoločná európska stratégia k dosiahnutiu vedomostnej spoločnosti. Percentuálny podiel na celkovej štruktúre obyvateľstva podľa výšky najvyššieho dosiahnutého vzdelania. | ||
| 610 | 2 | 0 | |a spoločnosť vedomostná |
| 610 | 2 | 0 | |a vzdelávanie |
| 610 | 2 | 0 | |a investície |
| 610 | 2 | 0 | |a veda |
| 610 | 2 | 0 | |a výskum |
| 610 | 2 | 0 | |a Slovensko |
| 610 | 2 | 0 | |a Európska únia |
| 100 | 1 | |a Kováč, Filip | |